[Event "Temuco Covid Season 2nd"]
[Site "Temuco"]
[Date "2021.11.14"]
[Round "9"]
[White "Bucher Kees, Paul"]
[Black "Palma Munoz, Oscar"]
[Result "1/2-1/2"]
[WhiteElo "1249"]
[BlackElo "1615"]
[PlyCount "46"]
[EventDate "2021.11.12"]
[EventType "tourn"]
[EventRounds "9"]
[EventCountry "CHI"]
[SourceTitle "EXT 2023"]
[Source "ChessBase"]
[SourceDate "2022.10.05"]
[SourceVersion "1"]
[SourceVersionDate "2022.10.05"]
[SourceQuality "1"]

1. f4 g6 2. Nf3 Bg7 3. d3 d5 4. c3 Nf6 5. Qc2 c5 6. e4 Nc6 7. Be2 b6 8. Nbd2 Bb7 9. Nf1 dxe4 10. dxe4 Na5 11. Ng3 h5 12. Ne5 h4 13. Nxg6 Rg8 14. Nxh4 Qc7 15. Nhf5 0-0-0 16. Nxg7 Rxg7 17. Be3 Rxg3 18. hxg3 Bxe4 19. Qa4 Bxg2 20. Rh6 Bc6 21. Qc2 Be4 22. Qa4 Bc6 23. Qc2 Be4 1/2-1/2

[Event "Temuco Covid Season 2nd"]
[Site "Temuco"]
[Date "2021.11.12"]
[Round "3"]
[White "Ramirez Camilla, Agustin"]
[Black "Palma Munoz, Oscar"]
[Result "1-0"]
[WhiteElo "1516"]
[BlackElo "1615"]
[PlyCount "73"]
[EventDate "2021.11.12"]
[EventType "tourn"]
[EventRounds "9"]
[EventCountry "CHI"]
[SourceTitle "EXT 2023"]
[Source "ChessBase"]
[SourceDate "2022.10.05"]
[SourceVersion "1"]
[SourceVersionDate "2022.10.05"]
[SourceQuality "1"]

1. e4 c5 2. Nf3 d6 3. d4 cxd4 4. Nxd4 Nf6 5. Nc3 g6 6. Be3 Bg7 7. f3 0-0 8. Qd2 Nc6 9. Bc4 Bd7 10. 0-0-0 Rc8 11. Bb3 Ne5 12. Bh6 Nc4 13. Bxc4 Rxc4 14. Bxg7 Kxg7 15. g4 Qa5 16. h4 Rfc8 17. Nb3 Qa6 18. e5 dxe5 19. g5 Rxc3 20. gxf6+ exf6 21. bxc3 Qxa2 22. h5 g5 23. h6+ Kg6 24. Qxd7 Rxc3 25. Qd2 Qxb3 26. Qh2 Qa3+ 27. Kd2 Rxf3 28. Qh5+ Kf5 29. Qxf3+ Qxf3 30. Rdf1 e4 31. Rxf3+ exf3 32. Ke3 g4 33. Rb1 b6 34. Ra1 Ke6 35. Rxa7 f5 36. Rb7 Ke5 37. Rxf7 1-0

[Event "Pan American-ch U16"]
[Site "Guayaquil"]
[Date "2019.07.25"]
[Round "7"]
[White "Quizhpe Martinez, Angel"]
[Black "Palma Munoz, Oscar"]
[Result "0-1"]
[WhiteElo "1529"]
[BlackElo "1558"]
[PlyCount "86"]
[EventDate "2019.07.21"]
[EventType "swiss"]
[EventRounds "9"]
[EventCountry "ECU"]
[SourceTitle "EXT 2020"]
[Source "ChessBase"]
[SourceDate "2019.10.17"]
[SourceVersion "1"]
[SourceVersionDate "2019.10.17"]
[SourceQuality "1"]

1. e4 c5 2. Nf3 d6 3. d4 cxd4 4. Nxd4 Nf6 5. f3 g6 6. c4 Nc6 7. Nc3 Bg7 8. Be3 0-0 9. Qd2 Nxd4 10. Bxd4 Be6 11. Be2 Rc8 12. b3 b6 13. 0-0 Qc7 14. Rac1 Qb7 15. Be3 Nd7 16. Nd5 Bxd5 17. exd5 Nc5 18. Bh6 Qd7 19. Bxg7 Kxg7 20. Qd4+ Kg8 21. f4 Qf5 22. Rc3 Rfe8 23. Bf3 e5 24. dxe6 Nxe6 25. Qd1 Qc5+ 26. Kh1 Nxf4 27. Bg4 Ne6 28. Rd3 Rcd8 29. Rd5 Qc7 30. h4 Nc5 31. Qf3 Re5 32. h5 Qe7 33. Rxe5 dxe5 34. hxg6 hxg6 35. Qe3 Qh4+ 36. Bh3 e4 37. Kh2 Rd3 38. Qe2 Qg3+ 39. Kh1 e3 40. b4 Rd2 41. Qe1 e2 42. bxc5 exf1Q+ 43. Qxf1 bxc5 0-1